000 00947nam a2200265Ia 4500
003 OSt
005 20220923225224.0
006 a|||||r|||| 00| 0
007 ta
008 220922b |||||||| |||| 00| 0 pan d
020 _c135
024 _a260,640
037 _b545, 02/12/2011, H.K. Prakashan
_cTextual
040 _aARTS
_cARTS
_bpan
041 _2pan
_apan
082 _aO153:g, P5
100 _aਗੁਰਚਰਨ ਸਿੰਘ, ਅਰFੀ, ਥਦ.
_9168518
245 0 _aਉੱਤਰਸੰਰਚਨਾਵਾਦ ਅਤੇ ਪੰਜਾਬੀ ਚਿੰਤਨ
260 _aਦਿੱਲੀ
_b ਪੰਜਾਬੀ ਅਕਾਦਮੀ
_c2005
300 _a156ਪੰ
_ccm.
650 _a ਪੰਜਾਬੀ ਸਾਹਿਤ
650 _aਪੰਜਾਬੀ ਸਾਹਿਤ
942 _hO153:g, P5
_cTEXL
_2CC
999 _c376806
_d376806